How Many Intamin Roller Coasters Can You Name? - Statistics

General Stats
  • This quiz has been taken 179 times
  • The average score is 38 of 149
Answer Stats
Answer % Correct
Kingda Ka
84%
Maverick
76%
VelociCoaster
76%
Millennium Force
73%
Taron
69%
El Toro
66%
Toutatis
66%
Intimidator 305
64%
Pantheon
63%
Skyrush
63%
Colossus
61%
Formula Rossa
60%
Hyperion
60%
Xcelerator
60%
Red Force
59%
Rita
58%
Kondaa
56%
Stealth
55%
Goliath
53%
Storm Runner
53%
Taiga
53%
Superman Escape
52%
Fahrenheit
50%
T Express
50%
Cheetah Hunt
48%
Balder
47%
Expedition GeForce
47%
Superman - Ride of Steel
46%
Superman the Ride
46%
iSpeed
44%
Flying Aces
43%
Furius Baco
42%
Speed
41%
Tornado
41%
Hagrid's Magical Creatures Motorbike Adventure
39%
Superman: Escape from Krypton
38%
Piraten
37%
Desert Race
36%
Falcon's Flight
34%
Mahuka
34%
Ride of Steel
34%
The Flash: Vertical Velocity
34%
Possessed
33%
Thirteen
32%
Insane
31%
DarKoaster
30%
Gotham City Escape
30%
Sik
30%
Big Dipper
28%
Manta
28%
Speed Monster
28%
Thunder Dolphin
28%
Yukon Quad
28%
Coaster Through the Clouds
26%
Indiana Jones et le Temple du Péril
26%
Wilderness Run
26%
American Eagle
25%
Incredicoaster
25%
Matugani
25%
Juvelen
24%
RC
24%
Objectif Mars
23%
Soaring with Dragon
23%
Arctic Rescue
22%
Inferno
22%
Namazu
22%
RC Racer
22%
Sandy's Blasting Bronco
22%
Half Pipe
21%
Red Fire
21%
Woodstock Express
21%
Harry Potter and the Escape from Gringotts
20%
Jet Rescue
20%
Steel Venom
20%
Dueling Dragons
19%
Kirnu
19%
Georgia Surfer
18%
Spitfire
18%
Storm Coaster
18%
Zokkon
18%
All Speeds
17%
Altair
17%
Colossos - Kampf der Giganten
17%
Nefeskesen
17%
Skull Mountain
17%
Steel Dolphin
17%
Wave Breaker: The Rescue Coaster
17%
10 Inversion Roller Coaster
16%
Divertical
16%
Kawasemi
16%
La Vibora
16%
Mega-Lite
16%
Mine Train Ulven
16%
Turbo Track
16%
Movie Park Studio Tour
15%
Raging Spirits
15%
Shred The Sewers
15%
Avatar Airbender
14%
Uncharted: The Enigma of Penitence
14%
DrageKongen
12%
Motocoaster
12%
Atlantis Adventure
11%
Light of Revenge
11%
Timmy's Half Pipe Havoc
11%
Dragon
10%
Fly Over Mediterranean
10%
Legendary Twin Dragon
9%
Elf
8%
Fast And Furry-ous
8%
Jupiter
8%
Family Coaster
7%
Regina II
7%
Supersonic Odyssey
7%
Comet Express
6%
Euro Express
6%
Light Speed
6%
Maceraperest
6%
Mine Train Coaster
6%
Screaming Condor
6%
Surfrider
6%
Twister
6%
Avalancha
5%
Crazy Coaster
5%
Paradise Fall
5%
Sahara Twist
5%
The Flash: Speed Force
5%
Whale Breaking the Sky Roller Coaster
5%
Euro-Star
4%
Kereta Misteri
4%
Rex's Racer
4%
Skycar
4%
Typhoon Coaster
4%
Alghazal
3%
Ipanema Skate Ride
3%
Montanha Russa do Astronauta
3%
The Shredder
3%
Vertigorama
3%
Vurang
3%
TBA
2%
Turbo Turtle Power
1%
Velikoluksky Miasokombinat-2
1%
Highway Boat
0%
Mikey's Halfpipe
0%
No matching quizzes found
Score Distribution
Percent of People with Each Score
Percentile by Number Answered
Your Score History
You have not taken this quiz